The complete wealth guide for doctors/ (Record no. 162971)

MARC details
000 -LEADER
fixed length control field 00607nam a22001937a 4500
005 - DATE AND TIME OF LATEST TRANSACTION
control field 20190325125928.0
008 - FIXED-LENGTH DATA ELEMENTS--GENERAL INFORMATION
fixed length control field 190325b ||||| |||| 00| 0 eng d
010 ## - LCCN (DPL NO)
LC control number ENG-124926
020 ## - INTERNATIONAL STANDARD BOOK NUMBER
Terms of availability 499.00
International Standard Book Number 9789384061296
035 ## - SYSTEM CONTROL NUMBER
System control number EN-108458
037 ## - SOURCE OF ACQUISITION
Source of stock number/acquisition DBAD/PUB
040 ## - CATALOGING SOURCE
Original cataloging agency DPL
Language of cataloging English
082 ## - DEWEY DECIMAL CLASSIFICATION NUMBER
Classification number 332.678
245 ## - TITLE STATEMENT
Title The complete wealth guide for doctors/
Remainder of title by
260 ## - PUBLICATION, DISTRIBUTION, ETC. (IMPRINT)
Place of publication, distribution, etc New Delhi
Name of publisher, distributor, etc Network18 Publications
Date of publication, distribution, etc 2015
270 ## - ADDRESS
Address 507, Prabhat Kiran, 17, Rajendra Place,
City New Delhi
Postal code 110 008
300 ## - PHYSICAL DESCRIPTION
Extent 199p. :
Dimensions 24cm (Hb)
Other physical details ill.
942 ## - ADDED ENTRY ELEMENTS (KOHA)
Institution code [OBSOLETE] dpl
Item type English Books
Source of classification or shelving scheme Dewey Decimal Classification
Classification part 332.678
Call number suffix COM
Holdings
Withdrawn status Lost status Source of classification or shelving scheme Damaged status Not for loan Collection code Home library Current library Date acquired Source of acquisition Cost, normal purchase price Total Checkouts Full call number Barcode Date last seen Copy number Cost, replacement price Koha item type
    Dewey Decimal Classification   Not For Loan Non-fiction D.B.Act.Division Patel Nagar 25/03/2019 DBAD/PUB 499.00   332.678 COM EN-108458 25/03/2019 1 499.00 English Books

© Delhi Public Library
Hit Counter
free hit counter